Movies Quiz

Random Movies or Quote Quiz

Movie Quote Picture Click - Action Films Quiz Stats

 Plays Quiz Updated Jun 14, 2017

Support Sporcle.
Go Orange.
Score 0/20 Timer 06:00
1 Play Today
% Correct
Bryan Mills,
Taken
90.9%
James Bond,
The Living Daylights
88.5%
Machete,
Machete
82%
T-800,
Terminator 2:
Judgment Day
77.9%
Howard Payne,
Speed
75.7%
Agent Smith,
The Matrix
75.7%
John McClane,
Die Hard
75.5%
President Marshall,
Air Force One
69.1%
The Bride,
Kill Bill: Vol.1
66.6%
Mason Storm,
Hard to Kill
65.1%
% Correct
Cameron Poe,
Con Air
64.2%
Detective Carter,
Rush Hour
64.2%
Major Deakins,
Broken Arrow
59.8%
John Cutter,
Passenger 57
58.4%
John Rambo,
First Blood
57.7%
Imperator Furiosa,
Mad Max: Fury Road
55.8%
Bodhi,
Point Break
55.1%
John Creasy,
Man on Fire
51.9%
John Nada,
They Live
50.6%
Blain,
Predator
48.6%

You're not logged in!

Compare scores with friends on all Sporcle quizzes.
OR
Log In
Forgot?

From the Vault

Bowl Games: Real or Fake?

by amk16

Does a cereal bowl count?
Remove Ads.
Support Sporcle.
Get the best of Sporcle when you Go Orange. This ad-free experience offers more features, more stats, and more fun while also helping to support Sporcle. Thank you for becoming a member.

Show Comments

Extras

Top Quizzes Today


Score Distribution

Your Account Isn't Verified!

In order to create a playlist on Sporcle, you need to verify the email address you used during registration. Go to your Sporcle Settings to finish the process.

Report this User

Report this user for behavior that violates our Community Guidelines.

Details: